Možnosti uplatnenia rodovo–citlivého rozpočtovania vo vybranom ekonomickom subjekte diplomová práca

Enregistré dans:
Détails bibliographiques
Auteur principal: Kollárová, Lucia
Collectivité auteur: Národohospodárska fakulta EU. Katedra financií
Autres auteurs: Neupauerová, Zuzana
Format: Livre
Langue:slovaque
Publié: Bratislava 2014
Tags: Ajouter un tag
Pas de tags, Soyez le premier à ajouter un tag!

MARC

LEADER 00000nbm a2200000 4500
001 0191784
005 20170201085510.1
041 0 |a slo 
044 |a SK 
245 1 0 |a Možnosti uplatnenia rodovo–citlivého rozpočtovania vo vybranom ekonomickom subjekte  |b diplomová práca  |c Lucia Kollárová ; školiteľ: Zuzana Neupauerová 
264 1 |a Bratislava  |c 2014 
300 |a 66 s. 
100 1 |a Kollárová, Lucia 
700 1 |a Neupauerová, Zuzana 
710 2 |a Národohospodárska fakulta EU. Katedra financií